000 00774 a2200193 4500
001 59653
005 20260407155850.0
008 260407a1966 arg spa d
003 AR-UNSa-BCEJYS
040 _aAR-UNSa-BCEJYS
_bspa
_cAR-UNSa-BCEJYS
080 _a330.35
_xCrecimiento económico
245 1 0 _aCrecimiento Económico
_pproblemas para todos
264 1 _aMéxico :
_bUnión Tipográfica Editorial Hispano-Americana (UTEHA)
_c1966
300 _a288 p.
_c17 cm.
505 _a1. Metas del crecimiento en este decenio - 2. Índices comparados de crecimiento - 3. Las causas del crecimiento económico - 4. Impedimentos para el crecimiento - 5. La política del crecimiento
942 _cBK
590 _aniveau_biblio:m niveau_hierar:0
100 1 _aGutmann, Peter M.
999 _c6773
_d6773